Risk tools for identification for exposure of the external economic variables
Analýza rizikových faktorov, rozsahu rizika. Globálne riziká. Smer rizika a vnímanie rizika. Meranie rizika, procesy a fázy procesov.
Gespeichert in:
| 1. Verfasser: | |
|---|---|
| Format: | Buchkapitel |
| Sprache: | Englisch |
| Schlagworte: | |
| Tags: |
Keine Tags, Fügen Sie das erste Tag hinzu!
|
MARC
| LEADER | 00000naa a2200000 4500 | ||
|---|---|---|---|
| 001 | 0208896 | ||
| 005 | 20240502073454.0 | ||
| 041 | 0 | |a eng | |
| 044 | |a SK | ||
| 245 | 1 | 0 | |a Risk tools for identification for exposure of the external economic variables |c František Hocman |
| 520 | |a Analýza rizikových faktorov, rozsahu rizika. Globálne riziká. Smer rizika a vnímanie rizika. Meranie rizika, procesy a fázy procesov. | ||
| 610 | 2 | 0 | |a riziko |
| 610 | 2 | 0 | |a riziko politické |
| 610 | 2 | 0 | |a protekcionizmus |
| 610 | 2 | 0 | |a politika investičná |
| 100 | 1 | |a Hocman, František, 1983- | |